书目信息 |
| 题名: |
SAS统计分析与应用
|
|
| 作者: | 刘荣 编著 | |
| 分册: | ||
| 出版信息: | 北京 机械工业出版社 2011 |
|
| 页数: | 425页 | |
| 开本: | 26cm | |
| 丛书名: | ||
| 单 册: | ||
| 中图分类: | C812-39 | |
| 科图分类: | ||
| 主题词: | 统计分析--应用软件 , 统计分析 , 应用软件 | |
| 电子资源: | ||
| ISBN: | 978-7-111-35370-6 | |
| 000 | 01290nam0 2200301 450 | |
| 001 | 523 | |
| 005 | 20140905091201.54 | |
| 010 | @a978-7-111-35370-6@dCNY59.00 | |
| 100 | @a20111117d2011 em y0chiy50 ea | |
| 101 | 0 | @achi |
| 102 | @aCN@b110000 | |
| 105 | @aa z 000yy | |
| 106 | @ar | |
| 200 | 1 | @aSAS统计分析与应用@ASAS Tong Ji Fen Xi Yu Ying Yong@e202分钟多媒体教学全程实录@E202 Fen Zhong Duo Mei Ti Jiao Xue Quan Cheng Shi Lu@f刘荣[等]编著@FLiu Rong [ Deng ] Bian Zhu |
| 210 | @a北京@c机械工业出版社@d2011 | |
| 215 | @a425页@c图@d26cm@e附光盘1片 | |
| 300 | @a赢在职场第一步 | |
| 307 | @a附光盘:978-7-89433-058-1 | |
| 330 | @a本书基于目前最新版的sas 9.2软件,结合编程和菜单操作,以实验的形式介绍sas数据分析在各领域的广泛应用。内容包括:sas系统入门、sas编程概述、描述性统计与统计绘图、参数估计与假设检验、方差分析、列联表分析、相关与回归分析、主成分与因子分析、典型相关分析、判别与聚类分析、非参数检验、时间序列分析和生存分析。 | |
| 517 | 1 | @a202分钟多媒体教学全程实录@A202 Fen Zhong Duo Mei Ti Jiao Xue Quan Cheng Shi Lu |
| 606 | 0 | @a统计分析@x应用软件 |
| 606 | 0 | @a统计分析 |
| 606 | 0 | @a应用软件 |
| 610 | 0 | @aSAS v9.2 |
| 690 | @aC812-39@v5 | |
| 701 | 0 | @a刘荣@ALiu Rong@c(管理学)@4编著 |
| 801 | 0 | @aCN@bTANGWEI@c20140603 |
| 905 | @b0841313-15@dC812-39@e102@f3 | |
| SAS统计分析与应用:202分钟多媒体教学全程实录/刘荣[等]编著.-北京:机械工业出版社,2011 |
| 425页:图;26cm+附光盘1片 |
| 赢在职场第一步 |
| ISBN 978-7-111-35370-6:CNY59.00 |
| 本书基于目前最新版的sas 9.2软件,结合编程和菜单操作,以实验的形式介绍sas数据分析在各领域的广泛应用。内容包括:sas系统入门、sas编程概述、描述性统计与统计绘图、参数估计与假设检验、方差分析、列联表分析、相关与回归分析、主成分与因子分析、典型相关分析、判别与聚类分析、非参数检验、时间序列分析和生存分析。 |
| ● |
| 相关链接 |
|
|
|
|
正题名:SAS统计分析与应用
索取号:C812-39/102
 
预约/预借
| 序号 | 登录号 | 条形码 | 馆藏地/架位号 | 状态 | 备注 |
| 1 | 0841313 | 208413135 | 第一样本阅览室/ [索取号:C812-39/102] | 在馆 | |
| 2 | 0841314 | 208413144 | 第一借阅区/ [索取号:C812-39/102] | 在馆 | |
| 3 | 0841315 | 208413153 | 经管系资料室/ [索取号:C812-39/102] | 在馆 |